О возможности использования продуктов взаимодействия циркония с карбонатом кальция в производстве конденсаторной керамики; XI Областная научно-техническая конференция, посвященная Дню радио (16-19 апреля 1968)

Podrobná bibliografie
Parent link:XI Областная научно-техническая конференция, посвященная Дню радио (16-19 апреля 1968).— 1968.— С. 29-30
Hlavní autor: Усов П. Г. Петр Григорьевич
Další autoři: Соломатина Э. П.
Jazyk:ruština
Vydáno: 1968
Témata:
Médium: Kapitola
KOHA link:https://koha.lib.tpu.ru/cgi-bin/koha/opac-detail.pl?biblionumber=152360

MARC

LEADER 00000naa2a2200000 4500
001 152360
005 20231031150950.0
035 |a (RuTPU)RU\TPU\book\165190 
035 |a RU\TPU\tpu\15347 
090 |a 152360 
100 |a 20090130d1968 k y0rusy50 ca 
101 0 |a rus 
102 |a RU 
200 1 |a О возможности использования продуктов взаимодействия циркония с карбонатом кальция в производстве конденсаторной керамики  |f П. Г. Усов, Э. П. Соломатина 
463 0 |0 (RuTPU)RU\TPU\book\157605  |t XI Областная научно-техническая конференция, посвященная Дню радио (16-19 апреля 1968)  |o материалы конференции  |h Секция VI радиоэлектроники  |v С. 29-30  |d 1968  |p 34 с. 
610 1 |a труды учёных ТПУ 
700 1 |a Усов  |b П. Г.  |c химик  |c профессор Томского политехнического института, доктор технических наук  |f 1905-1977  |g Петр Григорьевич  |2 stltpush  |3 (RuTPU)RU\TPU\pers\7821 
701 1 |a Соломатина  |b Э. П. 
801 1 |a RU  |b 63413507  |c 20081124  |g PSBO 
801 2 |a RU  |b 63413507  |c 20161202  |g PSBO 
942 |c BK